000 00628nam a2200229Ia 4500
003 OSt
005 20221006164000.0
006 a|||||r|||| 00| 0
007 ta
008 221006b |||||||| |||| 00| 0 eng d
024 _a1,363
037 _cTextual
040 _aFML
_cFML
_beng
041 _2eng
_aeng
082 _aNRV5,82, J5
100 _aLandon H C Robbins Au.
_9676367
245 0 _aSupplement to the Symphones of Joseph Haydr
260 _aLondon
_bUniversal Education
_c1955
300 _a862
_ccm.
942 _hNRV5,82, J5
_cTEXL
_2CC
999 _c1115897
_d1115897